Detalles MARC
| 000 -LIDER |
| fixed length control field |
02811nam a2200361 a 4500 |
| 001 - NÚMERO DE CONTROL |
| Identificador de número de control |
000016096 |
| 003 - IDENTIFICACDOR DE NÚMERO DE CONTROL |
| control field |
DO-SdBNP |
| 005 - DATE AND TIME OF LATEST TRANSACTION |
| control field |
20180316101537.0 |
| 007 - CAMPOS FIJOS DE DESCRIPCIÓN FÍSICA |
| fixed length control field |
000016096 |
| 008 - ELEMENTOS DE LONGITUD FIJA |
| fixed length control field |
100225s2008 dr a 001 0 spa d |
| 020 ## - ISBN |
| International Standard Book Number |
9789993425755 |
| 040 ## - FUENTE DE CATALOGACIÓN |
| Agencia que crea de manera original el registro |
BPMSU |
| Idioma de catalogación |
spa |
| Agencia que realiza la transcripción |
BPMSU |
| 092 ## - LOCALLY ASSIGNED DEWEY DECIMAL CALL NUMBER |
| Número de clasificación |
658.154 |
| Número de ítem (Cutter) |
S838p |
| 100 1# - ASIENTO PRINCIPAL -- NOMBRE PERSONAL |
| Nombre personal |
Sterling O., Fanny |
| 245 10 - MENCIÓN DE TITULO |
| Título |
Del presupuesto al plan anual de utilidades : |
| Subtítulo |
evolución de la presupuestación en los sistemas de planeamiento en las empresas / |
| Mención de responsabilidad |
Fanny Sterling O. ; prólogo Paulo Herrera Maluf. |
| 260 ## - PUBLICACIÓN, DISTRIBUCIÓN, ETC. (PIE DE IMPRENTA) |
| Lugar de publicación, distribución, etc |
Santo Domingo, : |
| Nombre del editor, distribuidor, etc. |
INTEC, |
| Fecha de publicación, distribución, etc |
2008. |
| 300 ## - DESCRIPCIÓN FÍSICA |
| Extensión |
192 p. : |
| Otros detalles físicos |
il. ; |
| Dimensiones |
23 cm. |
| 500 ## - NOTA GENERAL |
| Nota general |
Incluye datos biográficos de la autora en la solapa de la cubierta |
| 504 ## - NOTA DE BIBLIOGRAFÍA, ETC. |
| Bibliography, etc |
Bibliografía: p. 187-192 |
| 505 0# - NOTA DE CONTENIDO |
| Título |
Introducción -- |
| -- |
El contexto evolutivo de la presupuestación El paralelismo evolutivo de la administración como ciencia aplicada y el presupuesto -- |
| -- |
El producto del pensamiento administrativo : las herramientas técnicas como instrumentos de trabajo de la gerencia -- |
| -- |
De las herramientas gerenciales de la sociedad industrial a las de la sociedad de la información -- |
| -- |
Las técnicas y enfoques surgidos en la sociedad industrial 35 Las técnicas y enfoques de la sociedad de la información -- |
| -- |
La evolución del presupuesto como herramienta gerencial : un caso de excepción Una evolución interesante del presupuesto de la sociedad industrial al plan anual de utilidades de la sociedad de la información -- |
| -- |
Evolución de la presupuestación en los sistemas de planeamiento en las empresas -- |
| -- |
Evolución del planeamiento en las organizaciones -- |
| -- |
Las 5 etapas en la evolución del planeamiento en las organizaciones -- |
| -- |
Etapa I (1910-193X) : presupuestos anuales -- |
| -- |
Etapa II (194X-195X) : presupuestos y proyecciones a largo plazo -- |
| -- |
Etapas III (1960-1965) y IV (1965-197X) : plan anual de utilidades, planeamiento estratégico y la estrategia -- |
| -- |
Etapa V (1979-20XX)) : plan anual de utilidades y la administración estratégica -- |
| -- |
Evolución de la presupuestación : síntesis valorativa -- |
| -- |
Los trends de la presupuestación -- |
| -- |
La presupuestación y el plan anual de utilidades : una mirada prospectiva -- |
| -- |
Necesidad de cambios en el proceso de presupuestación -- |
| -- |
La prospectiva. |
| 650 #4 - ENCABEZAMIENTO DE MATERIA--TEMÁTICO |
| Término temático o nombre geográfico como elemento de entrada |
PRESUPUESTO (EMPRESAS PRIVADAS) |
| 650 #4 - ENCABEZAMIENTO DE MATERIA--TEMÁTICO |
| Término temático o nombre geográfico como elemento de entrada |
ADMINISTRACIÓN FINANCIERA |
| 650 #4 - ENCABEZAMIENTO DE MATERIA--TEMÁTICO |
| Término temático o nombre geográfico como elemento de entrada |
PRESUPUESTO |
| 700 12 - ASIENTO SECUNDARIO -- NOMBRE PERSONAL |
| Nombre personal |
Herrera Maluf, Paulo |
| Mención de responsabilidad |
pról. |
| 710 22 - ASIENTO SECUNDARIO -- NOMBRE CORPORATIVO |
| Nombre corporativo o de jurisdicción |
Instituto Tecnológico de Santo Domingo |
| 910 ## - VALIDACIÓN |
| Validación |
Validado. Control de calidad MFF |
| 942 ## - ADDED ENTRY ELEMENTS (KOHA) |
| Source of classification or shelving scheme |
Dewey Decimal Classification |
| Koha item type |
Libros |
| 945 ## - INFORMACIÓN DE PROCESAMIENTO LOCAL |
| Información de procesamiento local |
Inventariado, 2018 / BT |
| 956 ## - LOCAL ELECTRONIC LOCATION AND ACCESS (OCLC) |
| Nombre de host |
IGARCIA |
| Número de acceso |
10 |
| Información de compresión |
20100312 |
| Inicio de sesión |
BND01 |
| Procesador de solicitud |
0937 |
| 956 ## - LOCAL ELECTRONIC LOCATION AND ACCESS (OCLC) |
| Nombre de host |
ARIVERA |
| Número de acceso |
10 |
| Información de compresión |
20110120 |
| Inicio de sesión |
BND01 |
| Procesador de solicitud |
1400 |
| 956 ## - LOCAL ELECTRONIC LOCATION AND ACCESS (OCLC) |
| Nombre de host |
MFILETO |
| Número de acceso |
40 |
| Información de compresión |
20140519 |
| Inicio de sesión |
BND01 |
| Procesador de solicitud |
0954 |
| 956 ## - LOCAL ELECTRONIC LOCATION AND ACCESS (OCLC) |
| Nombre de host |
VMATEO |
| Número de acceso |
10 |
| Información de compresión |
20150810 |
| Inicio de sesión |
BPMSU |
| Procesador de solicitud |
00151 |